Производственные отношения социализма (методология исследования , сущность и формы реализации в перестройке социалистического хозяйствования ): научно-методическое пособие

Dades bibliogràfiques
Autor principal: Резников Л. Б. Лев Борисович
Sumari:Исключено из фонда НТБ ТПУ
Idioma:rus
Publicat: Москва, Высшая школа, 1990
Format: MixedMaterials Llibre
KOHA link:https://koha.lib.tpu.ru/cgi-bin/koha/opac-detail.pl?biblionumber=239622

MARC

LEADER 00000nam0a2200000 4500
001 239622
005 20231031205513.0
010 |a 5060015637 
035 |a (RuTPU)RU\TPU\book\260847 
090 |a 239622 
100 |a 20130611d1990 k y0rusy50 ca 
101 0 |a rus 
102 |a RU 
105 |a y z 001zy 
200 1 |a Производственные отношения социализма (методология исследования , сущность и формы реализации в перестройке социалистического хозяйствования )  |e научно-методическое пособие  |f Л. Б. Резников 
210 |a Москва  |c Высшая школа  |d 1990 
215 |a 128 с. 
320 |a Библиогр. в примеч. 
333 |a Исключено из фонда НТБ ТПУ 
700 1 |a Резников  |b Л. Б.  |g Лев Борисович 
801 1 |a RU  |b 63413507  |c 20130611 
801 2 |a RU  |b 63413507  |c 20170227  |g RCR 
942 |c BK